| 000 | 00547nam a22001817a 4500 | ||
|---|---|---|---|
| 005 | 20251205104505.0 | ||
| 008 | 251205b |||||||| |||| 00| 0 eng d | ||
| 020 | _a978-81-203-4056-5 | ||
| 050 | _aT 58.6.G76 2008 | ||
| 100 | _aGROVER VARUN | ||
| 245 | _aBUSINESS PROCESS TRANSFORMATION | ||
| 260 |
_aNEW DELHI _bPHI LEARNING PRIVATE LIMITED _c2008 |
||
| 300 | _aX,337 | ||
| 500 | _aINCLUDES EDITORS AND CONTRIBUTIONS,SERIES EDITOR AND AN INDEX | ||
| 650 | _aMANAGEMENT INFORMATION SYSTEMS | ||
| 700 | _aMARKUS LYNNE M. | ||
| 942 |
_2lcc _cBK |
||
| 999 |
_c216338 _d216338 |
||